000 00939nam a22002537a 4500
999 _c701
_d701
003 AR-CdUCM
008 190225b ||||| |||| 00| 0 sp d
040 _aMUNICIPALIDAD PROVINCIAL DEL CUSCO
_cBIBLIOTECA MUNICIPAL DEL CUSCO
041 _hger
082 _a330.122/
_bM392
100 _aMarx, Carlos
_92702
245 _aLa Acumulación Originaria del Capital /
260 _aMexico :
_bGrijalbo,
_c1969.
300 _a154 paginas ;
_c18 cm.
505 _aEl secreto de la acumulación originaria -- Expropiación de la tierra de la población rural -- Génesis del arrendatario capitalista -- Génesis del capital industrial...
650 _aLa transformación
_92703
650 _aMedios de producción
_92704
650 _aEl Estado
_92705
650 _aRelaciones Sociales
_92706
650 _aSocialismo
_91037
710 _aInstituto de Marxismo - Leninismo de Moscu
_92707
942 _2ddc
_cLIBROS
945 _awnts
_d2019-02-25